Muslim politics in the Punjab (Record no. 73965)

MARC details
000 -LEADER
fixed length control field 00309nam a2200133Ia 4500
008 - FIXED-LENGTH DATA ELEMENTS--GENERAL INFORMATION
fixed length control field 230917s9999||||xx |||||||||||||| ||und||
040 ## - CATALOGING SOURCE
-- 219721
Original cataloging agency VIVEKANANDA LIBRARY
041 ## - Language
-- English
082 ## - DDC NUMBER
Classification number 954.5 K527M
100 ## - MAIN ENTRY--PERSONAL NAME
Personal name Khanna, Anju
245 #0 - TITLE STATEMENT
Title Muslim politics in the Punjab
300 ## - PHYSICAL DESCRIPTION
Pages x, 336 p.
942 ## - ADDED ENTRY ELEMENTS (KOHA)
Koha item type Thesis
Holdings
Withdrawn status Lost status Damaged status Not for loan Location (home branch) Sublocation or collection (holding branch) Date acquired Koha issues (times borrowed) Koha full call number Accession No. Koha date last seen Koha item type
        VIVEKANANDA LIBRARY VIVEKANANDA LIBRARY 17/10/2014   954.5 K527M 148583 17/09/2023 Thesis
© Designed and Maintained by Vivekananda Library, MDU Rohtak